[Event "Iraklio SOI op-A 8th"]
[Site "Iraklio"]
[Date "2013.05.06"]
[Round "1"]
[White "Lirindzakis, Timotheos"]
[Black "Fakidis, Georgios"]
[Result "1-0"]
[WhiteElo "2310"]
[BlackElo "1371"]
[PlyCount "43"]
[EventDate "2013.05.06"]
[EventType "swiss"]
[EventRounds "7"]
[EventCountry "GRE"]
[SourceTitle "EXT 2024"]
[Source "ChessBase"]
[SourceDate "2023.10.10"]
[SourceVersion "1"]
[SourceVersionDate "2023.10.10"]
[SourceQuality "1"]

1. d4 e6 2. Nf3 Nf6 3. c4 Bb4+ 4. Bd2 a5 5. g3 Ne4 6. Bxb4 axb4 7. Bg2 Qf6 8. 0-0 Nc6 9. Nbd2 Nxd2 10. Qxd2 0-0 11. d5 Ne5 12. Qxb4 Nxf3+ 13. Bxf3 e5 14. c5 c6 15. a3 b5 16. cxb6 Ba6 17. dxc6 dxc6 18. Rac1 Rfc8 19. b7 Bxb7 20. Qxb7 Qd8 21. Rfd1 Rc7 22. Rxd8+ 1-0

[Event "Heraklion op 6th"]
[Site "Heraklion"]
[Date "2010.08.23"]
[Round "3"]
[White "Fakidis, Georgios"]
[Black "Dimitriadis, Theodoros"]
[Result "0-1"]
[WhiteElo "1005"]
[BlackElo "1925"]
[PlyCount "68"]
[EventDate "2010.08.22"]
[EventType "swiss"]
[EventRounds "9"]
[EventCountry "GRE"]
[SourceTitle "CBM 138 Extra"]
[Source "ChessBase"]
[SourceDate "2010.10.29"]
[SourceVersion "1"]
[SourceVersionDate "2010.10.29"]
[SourceQuality "1"]

1. d4 Nf6 2. c4 g6 3. Nc3 Bg7 4. Nf3 0-0 5. e3 d6 6. Bd3 c6 7. 0-0 a6 8. Rb1 b5 9. a3 Nbd7 10. e4 e5 11. Be3 Re8 12. d5 cxd5 13. cxd5 Ng4 14. Bd2 Nc5 15. Be2 h6 16. b4 Nd7 17. h3 Ngf6 18. Qc2 Nh5 19. g3 Nb6 20. a4 Bxh3 21. Rfc1 bxa4 22. Nxa4 f5 23. Nxb6 Qxb6 24. Qc6 Qa7 25. Ra1 Nxg3 26. Qc4 fxe4 27. Be3 Nxe2+ 28. Qxe2 exf3 29. Qxf3 Qd7 30. Rc6 e4 31. Qg3 Bxa1 32. Rxd6 Qf5 33. Rxg6+ Kf7 34. Rxh6 Rg8 0-1